[Event "Titled Tuesday intern op 08th Aug Early"]
[Site "Chess.com INT"]
[Date "2023.08.08"]
[Round "5"]
[White "Mammadzada, Gunay Vuqar Qizi"]
[Black "Freitag, Manfred"]
[Result "1-0"]
[WhiteElo "2448"]
[BlackElo "2349"]
[PlyCount "67"]
[EventDate "2023.08.08"]
[EventType "swiss (blitz)"]
[EventRounds "11"]
[EventCountry "USA"]
[SourceTitle "EXT 2024"]
[Source "ChessBase"]
[SourceDate "2023.10.10"]
[SourceVersion "1"]
[SourceVersionDate "2023.10.10"]
[SourceQuality "1"]

1. e4 c6 2. Nf3 d5 3. d3 dxe4 4. dxe4 Qxd1+ 5. Kxd1 Nf6 6. Nbd2 Bg4 7. Bd3 Nbd7 8. h3 Bxf3+ 9. Nxf3 g6 10. b4 Bg7 11. Bb2 0-0 12. Ke2 Rfd8 13. Rhd1 a5 14. a3 Nh5 15. Bxg7 Nf4+ 16. Kf1 Kxg7 17. Bc4 Nb6 18. Bb3 a4 19. Ba2 Nh5 20. Ng5 Rf8 21. Rd2 h6 22. Nf3 Nf6 23. Re1 Rfd8 24. Re3 Rxd2 25. Nxd2 Rd8 26. Ke2 e5 27. Rd3 Rxd3 28. Kxd3 Kf8 29. c3 Ke7 30. c4 c5 31. Nb1 Nfd7 32. Nc3 Kd6 33. Bb1 f5 34. Bc2 1-0

[Event "Titled Tuesday intern op 08th Aug Early"]
[Site "Chess.com INT"]
[Date "2023.08.08"]
[Round "8"]
[White "Mizzi, Jack"]
[Black "Freitag, Manfred"]
[Result "0-1"]
[WhiteElo "2007"]
[BlackElo "2349"]
[PlyCount "36"]
[EventDate "2023.08.08"]
[EventType "swiss (blitz)"]
[EventRounds "11"]
[EventCountry "USA"]
[SourceTitle "EXT 2024"]
[Source "ChessBase"]
[SourceDate "2023.10.10"]
[SourceVersion "1"]
[SourceVersionDate "2023.10.10"]
[SourceQuality "1"]

1. d4 Nf6 2. c4 g6 3. g3 Bg7 4. Bg2 0-0 5. Nf3 d6 6. 0-0 Nbd7 7. Nc3 e5 8. e4 c6 9. b3 Re8 10. Re1 exd4 11. Nxd4 Nc5 12. Bb2 Ng4 13. b4 Ne6 14. Nxc6 bxc6 15. Qxg4 Ng5 16. Qd1 Nh3+ 17. Kf1 Qb6 18. Qd3 Qxf2# 0-1

[Event "AUT-ch Rapid"]
[Site "Graz"]
[Date "2023.06.10"]
[Round "7"]
[White "Freitag, Manfred"]
[Black "Horvath, Dominik"]
[Result "1/2-1/2"]
[WhiteElo "2349"]
[BlackElo "2523"]
[PlyCount "81"]
[EventDate "2023.06.10"]
[EventType "swiss (rapid)"]
[EventRounds "9"]
[EventCountry "AUT"]
[SourceTitle "CBM 214 Extra"]
[Source "ChessBase"]
[SourceDate "2023.07.31"]
[SourceVersion "1"]
[SourceVersionDate "2023.07.31"]
[SourceQuality "1"]

1. e4 c6 2. d4 d5 3. e5 Bf5 4. h4 h5 5. Bd3 Bxd3 6. Qxd3 Qa5+ 7. Nd2 e6 8. Ngf3 Nh6 9. 0-0 Nf5 10. Nb3 Qb5 11. Qd1 c5 12. a4 Qb6 13. dxc5 Bxc5 14. Nxc5 Qxc5 15. c3 Nc6 16. Re1 Rc8 17. Bg5 Qb6 18. b3 Na5 19. b4 Nc4 20. Nd4 Nxd4 21. cxd4 a6 22. Rb1 Qc7 23. Qb3 b6 24. b5 a5 25. Qf3 Qb7 26. Rb3 Rc7 27. g3 Rc8 28. Kg2 Rc7 29. Rc1 Rc8 30. Rbc3 Rc7 31. Kh2 Qc8 32. Kg2 Qb7 33. R1c2 Qc8 34. Kh2 Qb7 35. Qf4 Rf8 36. Qf3 Rh8 37. Bc1 Rd7 38. Bg5 Rc7 39. Qf4 Rf8 40. Qf3 Rh8 41. Qf4 1/2-1/2

[Event "Titled Tuesday intern op 28th Mar Late"]
[Site "Chess.com INT"]
[Date "2023.03.28"]
[Round "2"]
[White "Bongo Akanga Ndjila, Barthelemy"]
[Black "Freitag, Manfred"]
[Result "0-1"]
[WhiteElo "1824"]
[BlackElo "2352"]
[PlyCount "100"]
[EventDate "2023.03.28"]
[EventType "swiss (blitz)"]
[EventRounds "11"]
[EventCountry "USA"]
[SourceTitle "EXT 2024"]
[Source "ChessBase"]
[SourceDate "2023.10.10"]
[SourceVersion "1"]
[SourceVersionDate "2023.10.10"]
[SourceQuality "1"]

1. d4 Nf6 2. c4 g6 3. Nc3 Bg7 4. e4 d6 5. Be2 0-0 6. Nf3 e5 7. 0-0 Nc6 8. d5 Ne7 9. Ne1 Nd7 10. g4 f5 11. f3 Kh8 12. Ng2 Ng8 13. h4 Bf6 14. g5 Bg7 15. Be3 f4 16. Bf2 h6 17. gxh6 Nxh6 18. b4 Nf6 19. c5 Nh5 20. cxd6 cxd6 21. Rc1 Bf6 22. Nb5 Ng3 23. Re1 Bxh4 24. Nc7 Rb8 25. Ne6 Bxe6 26. dxe6 Nxe2+ 27. Qxe2 Bg3 28. Red1 Qe7 29. Rd5 Qxe6 30. Rc7 Rf7 31. Rxf7 Nxf7 32. Bxa7 Rc8 33. Bf2 Ng5 34. Qd2 Nh3+ 35. Kf1 Nxf2 36. Rxd6 Qc4+ 37. Ke1 Qc1+ 38. Qxc1 Rxc1+ 39. Ke2 Rc2+ 40. Kf1 Nh3 41. Rxg6 Rf2+ 42. Ke1 Rxg2+ 43. Kd1 Rxa2 44. Rb6 Ng5 45. Rxb7 Nxf3 46. b5 Bf2 47. b6 Be3 48. Rb8+ Kg7 49. b7 Rd2+ 50. Kc1 Rd8+ 0-1

[Event "Titled Tuesday intern op 28th Mar Late"]
[Site "Chess.com INT"]
[Date "2023.03.28"]
[Round "5"]
[White "Corrales Jimenez, Fidel"]
[Black "Freitag, Manfred"]
[Result "0-1"]
[WhiteElo "2489"]
[BlackElo "2352"]
[PlyCount "90"]
[EventDate "2023.03.28"]
[EventType "swiss (blitz)"]
[EventRounds "11"]
[EventCountry "USA"]
[SourceTitle "EXT 2024"]
[Source "ChessBase"]
[SourceDate "2023.10.10"]
[SourceVersion "1"]
[SourceVersionDate "2023.10.10"]
[SourceQuality "1"]

1. c4 Nf6 2. Nf3 g6 3. g3 Bg7 4. Bg2 0-0 5. 0-0 d6 6. Nc3 Nbd7 7. Rb1 a5 8. a3 e5 9. b4 axb4 10. axb4 Re8 11. b5 Nc5 12. Ne1 Rb8 13. Nc2 Be6 14. Ne3 Qd7 15. Ba3 Bh3 16. Bxc5 dxc5 17. d3 Bxg2 18. Kxg2 c6 19. bxc6 bxc6 20. Rxb8 Rxb8 21. Qc2 h5 22. Rb1 Rb4 23. Ne4 Nxe4 24. dxe4 Bh6 25. Nd1 Qd4 26. Rxb4 cxb4 27. e3 Qa7 28. Qb3 Qa3 29. Qb1 b3 30. Kf1 Qa2 31. Qb2 Bf8 32. Qc3 Qc2 33. Qa1 Bb4 34. Kg2 Be1 35. Qxe5 Qxd1 36. Qe8+ Kg7 37. Qe5+ Kh7 38. Qe7 Bc3 39. e5 Kg8 40. e6 fxe6 41. Qxe6+ Kh7 42. e4 Bg7 43. f4 b2 44. f5 Qg4 45. h3 Qe2+ 0-1

[Event "Titled Tuesday intern op 28th Mar Late"]
[Site "Chess.com INT"]
[Date "2023.03.28"]
[Round "6"]
[White "Freitag, Manfred"]
[Black "Ashraf, Artin"]
[Result "0-1"]
[WhiteElo "2352"]
[BlackElo "2314"]
[PlyCount "88"]
[EventDate "2023.03.28"]
[EventType "swiss (blitz)"]
[EventRounds "11"]
[EventCountry "USA"]
[SourceTitle "EXT 2024"]
[Source "ChessBase"]
[SourceDate "2023.10.10"]
[SourceVersion "1"]
[SourceVersionDate "2023.10.10"]
[SourceQuality "1"]

1. e4 c5 2. Nf3 d6 3. d4 cxd4 4. Nxd4 Nf6 5. Nc3 a6 6. Bg5 e6 7. f4 h6 8. Bh4 Qb6 9. a3 Nc6 10. Bf2 Qc7 11. Qf3 Be7 12. h3 Bd7 13. 0-0-0 b5 14. Nxc6 Bxc6 15. Bd3 Rc8 16. Kb1 0-0 17. g4 a5 18. g5 hxg5 19. fxg5 Nd7 20. h4 b4 21. axb4 axb4 22. Ne2 Ne5 23. Qg3 b3 24. Nc3 bxc2+ 25. Bxc2 Qb7 26. Rd4 Ra8 27. h5 Rfb8 28. Nd1 Qa6 29. Kc1 Nc4 30. Bb3 Rxb3 31. Qxb3 Qa1+ 32. Kc2 Ba4 33. Rxc4 Bxb3+ 34. Kxb3 Bxg5 35. Re1 Qa2+ 36. Kc3 Bd2+ 37. Kxd2 Qxc4 38. Nc3 Qb4 39. Rb1 d5 40. exd5 exd5 41. Kc2 d4 42. Ne4 d3+ 43. Kxd3 Rd8+ 44. Ke3 Re8 0-1

[Event "Titled Tuesday intern op 28th Mar Late"]
[Site "Chess.com INT"]
[Date "2023.03.28"]
[Round "10"]
[White "Freitag, Manfred"]
[Black "Gutierrez Olivares, Daniel"]
[Result "1-0"]
[WhiteElo "2352"]
[BlackElo "2354"]
[PlyCount "123"]
[EventDate "2023.03.28"]
[EventType "swiss (blitz)"]
[EventRounds "11"]
[EventCountry "USA"]
[SourceTitle "EXT 2024"]
[Source "ChessBase"]
[SourceDate "2023.10.10"]
[SourceVersion "1"]
[SourceVersionDate "2023.10.10"]
[SourceQuality "1"]

1. e4 e6 2. d4 d5 3. e5 c5 4. c3 Nc6 5. Nf3 Bd7 6. Bd3 cxd4 7. 0-0 dxc3 8. Nxc3 Bc5 9. Na4 Be7 10. Re1 Nh6 11. Nc3 a6 12. Bb1 Ng8 13. a3 Bc5 14. b4 Ba7 15. Ng5 Nh6 16. Nxh7 Qh4 17. Bg5 Qxf2+ 18. Kh1 Nf5 19. Rf1 Qd4 20. Bxf5 Qxc3 21. Bd3 Nxe5 22. Bc2 Ng6 23. Nf6+ gxf6 24. Bxf6 Qc7 25. Bxh8 Nxh8 26. Rc1 Bc6 27. a4 Bb8 28. Qh5 Qxh2+ 29. Qxh2 Bxh2 30. Kxh2 Ke7 31. Rb1 d4 32. b5 axb5 33. axb5 Bd5 34. Rfc1 Ra2 35. Bb3 Rxg2+ 36. Kh3 Rg5 37. Bxd5 Rxd5 38. Rc7+ Kf6 39. Rxb7 Ng6 40. b6 d3 41. Rc7 Nf4+ 42. Kg4 Rd4 43. Kf3 Nd5 44. Rd7 d2 45. b7 d1Q+ 46. Rxd1 Rxd1 47. b8Q Rd3+ 48. Kg2 Ne3+ 49. Kf3 Rxd7 50. Kxe3 Rd5 51. Qb2+ Kf5 52. Qg7 f6 53. Qh7+ Ke5 54. Qh2+ Kf5 55. Qh3+ Ke5 56. Qh5+ Kd6 57. Qf7 Re5+ 58. Kd4 Rd5+ 59. Kc4 Rf5 60. Qg6 Rf4+ 61. Kd3 e5 62. Ke3 1-0

[Event "Titled Tuesday intern op 28th Mar Late"]
[Site "Chess.com INT"]
[Date "2023.03.28"]
[Round "11"]
[White "Pakleza, Zbigniew"]
[Black "Freitag, Manfred"]
[Result "1-0"]
[WhiteElo "2492"]
[BlackElo "2352"]
[PlyCount "93"]
[EventDate "2023.03.28"]
[EventType "swiss (blitz)"]
[EventRounds "11"]
[EventCountry "USA"]
[SourceTitle "EXT 2024"]
[Source "ChessBase"]
[SourceDate "2023.10.10"]
[SourceVersion "1"]
[SourceVersionDate "2023.10.10"]
[SourceQuality "1"]

1. Nf3 d5 2. c4 e6 3. g3 Nf6 4. Bg2 Be7 5. 0-0 0-0 6. b3 c6 7. Bb2 Nbd7 8. d4 b6 9. Nbd2 Bb7 10. Qc2 c5 11. Rad1 Rc8 12. Qb1 Qc7 13. cxd5 exd5 14. dxc5 bxc5 15. Nh4 Rfe8 16. Nf5 Bf8 17. Rfe1 g6 18. Nh4 Bg7 19. Rc1 Qb6 20. h3 Ba6 21. e4 d4 22. f4 Qa5 23. Nc4 Bxc4 24. Rxc4 Nb6 25. Rcc1 Nh5 26. Kh2 c4 27. bxc4 Nxc4 28. e5 d3 29. Bc3 Qd8 30. Rcd1 d2 31. Re4 f5 32. Rd4 Qb6 33. Bd5+ Kh8 34. Bxc4 Qc6 35. Qd3 g5 36. Nxf5 gxf4 37. gxf4 Rxe5 38. Rd8+ Re8 39. Rxe8+ Rxe8 40. Nxg7 Nxg7 41. Bxg7+ Kxg7 42. Qd4+ Kh6 43. Rxd2 Re1 44. Qd6+ Qxd6 45. Rxd6+ Kh5 46. Bf7+ Kh4 47. Rh6# 1-0

[Event "Titled Tuesday intern op 03rd Jan Early"]
[Site "Chess.com INT"]
[Date "2023.01.03"]
[Round "4"]
[White "Torres Dominguez, David"]
[Black "Freitag, Manfred"]
[Result "0-1"]
[WhiteElo "1998"]
[BlackElo "2352"]
[PlyCount "88"]
[EventDate "2023.01.03"]
[EventType "swiss (blitz)"]
[EventRounds "11"]
[EventCountry "USA"]
[SourceTitle "EXT 2024"]
[Source "ChessBase"]
[SourceDate "2023.10.10"]
[SourceVersion "1"]
[SourceVersionDate "2023.10.10"]
[SourceQuality "1"]

1. e4 c5 2. Nc3 d6 3. f4 g6 4. Nf3 Bg7 5. Bb5+ Bd7 6. Bxd7+ Qxd7 7. d3 Nc6 8. 0-0 e6 9. Bd2 Nge7 10. Qe1 0-0 11. Qh4 Nd4 12. Nxd4 cxd4 13. Ne2 Rac8 14. Rac1 f5 15. c3 dxc3 16. Bxc3 Bxc3 17. Nxc3 d5 18. e5 d4 19. Nb5 Nc6 20. Nd6 Rc7 21. Qf2 Qe7 22. Qd2 Rd8 23. Rce1 Rdd7 24. Rc1 Nd8 25. Rxc7 Rxc7 26. Rc1 Nf7 27. Rxc7 Qxc7 28. Nxf7 Kxf7 29. h4 Qc5 30. a3 a5 31. Qf2 h6 32. h5 g5 33. Qd2 g4 34. Qf2 Ke8 35. Kh2 Kd7 36. Qh4 Qc1 37. Qf2 Qc5 38. Qh4 Kc6 39. Qf6 Qd5 40. Qxh6 Kb5 41. Qf8 a4 42. Qe8+ Kb6 43. h6 Qc5 44. Qd8+ Ka7 0-1

[Event "AUT-chT 2223"]
[Site "Austria"]
[Date "2022.11.03"]
[Round "1.6"]
[White "Freitag, Manfred"]
[Black "Steiner, Josef"]
[Result "1-0"]
[WhiteElo "2360"]
[BlackElo "2059"]
[PlyCount "71"]
[EventDate "2022.11.03"]
[EventType "team-tourn"]
[EventRounds "11"]
[EventCountry "AUT"]
[SourceTitle "EXT 2024"]
[Source "ChessBase"]
[SourceDate "2023.10.10"]
[SourceVersion "1"]
[SourceVersionDate "2023.10.10"]
[SourceQuality "1"]
[WhiteTeam "Fuerstenfeld/Hartberg"]
[BlackTeam "Maria Saal"]
[WhiteTeamCountry "AUT"]
[BlackTeamCountry "AUT"]

1. e4 d5 2. exd5 Qxd5 3. Nc3 Qa5 4. d4 c6 5. Nf3 Nf6 6. Bc4 Bg4 7. h3 Bh5 8. g4 Bg6 9. Ne5 Nbd7 10. Nxg6 hxg6 11. Bd2 b5 12. Nxb5 Qb6 13. Qf3 Rc8 14. Nc3 Qxd4 15. Bb3 Ne5 16. Qe2 Nexg4 17. 0-0-0 Qxf2 18. Qa6 Rc7 19. hxg4 Rxh1 20. Rxh1 Qg2 21. Rd1 Qxg4 22. Be3 Qc8 23. Qc4 e6 24. Ba4 Nd7 25. Bg5 Be7 26. Bxe7 Kxe7 27. Qh4+ Nf6 28. Ne4 e5 29. Nxf6 gxf6 30. Rf1 g5 31. Qh6 Qe6 32. Bb3 Qd6 33. Rd1 Qb4 34. Qh7 Kf8 35. Qh8+ Ke7 36. Qd8# 1-0

[Event "Titled Tuesday intern op 02nd Aug Early"]
[Site "Chess.com INT"]
[Date "2022.08.02"]
[Round "5"]
[White "Freitag, Manfred"]
[Black "Garrido, Denis"]
[Result "1-0"]
[WhiteElo "2357"]
[BlackElo "2205"]
[PlyCount "65"]
[EventDate "2022.08.02"]
[EventType "swiss (blitz)"]
[EventRounds "11"]
[EventCountry "USA"]
[SourceTitle "EXT 2023"]
[Source "ChessBase"]
[SourceDate "2022.10.05"]
[SourceVersion "1"]
[SourceVersionDate "2022.10.05"]
[SourceQuality "1"]

1. e4 c5 2. Nf3 e6 3. d4 cxd4 4. Nxd4 Nf6 5. Nc3 d6 6. g4 a6 7. g5 Nfd7 8. h4 b5 9. a3 Bb7 10. h5 Nc6 11. Rg1 Nxd4 12. Qxd4 Ne5 13. Be2 Nc6 14. Qe3 g6 15. Rh1 Rg8 16. hxg6 hxg6 17. Bd2 Rc8 18. 0-0-0 Ne5 19. f4 Nc4 20. Qh3 Nxd2 21. Rxd2 Qb6 22. f5 gxf5 23. exf5 Bxh1 24. fxe6 Rxg5 25. exf7+ Kxf7 26. Qxc8 Rg1+ 27. Rd1 Bh6+ 28. Kb1 Rxd1+ 29. Bxd1 Bg7 30. Qf5+ Kg8 31. Qe6+ Kf8 32. Bh5 Bxc3 33. Qf7# 1-0

[Event "Titled Tuesday intern op 02nd Aug Early"]
[Site "Chess.com INT"]
[Date "2022.08.02"]
[Round "7"]
[White "Freitag, Manfred"]
[Black "Martinez, Shawn"]
[Result "1-0"]
[WhiteElo "2357"]
[BlackElo "1881"]
[PlyCount "89"]
[EventDate "2022.08.02"]
[EventType "swiss (blitz)"]
[EventRounds "11"]
[EventCountry "USA"]
[SourceTitle "EXT 2023"]
[Source "ChessBase"]
[SourceDate "2022.10.05"]
[SourceVersion "1"]
[SourceVersionDate "2022.10.05"]
[SourceQuality "1"]

1. e4 c5 2. Nf3 e6 3. d4 cxd4 4. Nxd4 a6 5. c4 Nf6 6. Nc3 Bb4 7. Qd3 Qc7 8. a3 Bxc3+ 9. Qxc3 d6 10. f3 b6 11. Bg5 Nbd7 12. Be2 Bb7 13. 0-0 Rc8 14. Rac1 0-0 15. Rfd1 h6 16. Bh4 Nh5 17. b4 Nf4 18. Bf1 Ne5 19. Bg3 Neg6 20. Qd2 Nh5 21. Bf2 Rfd8 22. h4 Nf6 23. g4 Bxe4 24. fxe4 Nxg4 25. Bg3 N6e5 26. Qe2 Qe7 27. Nf3 h5 28. Nxe5 dxe5 29. Bh3 Rxd1+ 30. Rxd1 f5 31. exf5 exf5 32. Bxg4 hxg4 33. Qxe5 Qxe5 34. Bxe5 Rxc4 35. Rd7 Re4 36. Bxg7 f4 37. h5 f3 38. Bc3 Re6 39. Rg7+ Kf8 40. Rxg4 Re3 41. Bg7+ Kf7 42. h6 Rxa3 43. h7 f2+ 44. Kxf2 Rh3 45. h8Q 1-0

[Event "Titled Tuesday intern op 05th Jul Late"]
[Site "Chess.com INT"]
[Date "2022.07.05"]
[Round "3"]
[White "D'Arruda, Ricardo D"]
[Black "Freitag, Manfred"]
[Result "1/2-1/2"]
[WhiteElo "2271"]
[BlackElo "2357"]
[PlyCount "124"]
[EventDate "2022.07.05"]
[EventType "swiss (blitz)"]
[EventRounds "11"]
[EventCountry "USA"]
[SourceTitle "CBM 209 Extra"]
[Source "ChessBase"]
[SourceDate "2022.09.30"]
[SourceVersion "1"]
[SourceVersionDate "2022.09.30"]
[SourceQuality "1"]

1. d4 Nf6 2. Nf3 g6 3. Nc3 Bg7 4. e4 d5 5. exd5 Nxd5 6. Bc4 Nb6 7. Bb3 0-0 8. 0-0 Nc6 9. Be3 Bg4 10. h3 Bxf3 11. Qxf3 Nxd4 12. Bxd4 Qxd4 13. Qxb7 Qc5 14. Ne4 Qe5 15. c3 a5 16. a4 Rab8 17. Qc6 e6 18. Rad1 Nd5 19. Bxd5 exd5 20. Qxd5 Rxb2 21. Qxe5 Bxe5 22. Rd5 Re8 23. Rxa5 f5 24. Ng5 Bxc3 25. Rc5 Be5 26. Nf3 Bd6 27. Rc4 Ra2 28. Re1 Ra8 29. g3 R8xa4 30. Rxa4 Rxa4 31. Re8+ Kf7 32. Rh8 Kg7 33. Rc8 Ra2 34. Ng5 Kf6 35. Nxh7+ Ke7 36. Nf8 g5 37. Ng6+ Kd7 38. Rg8 Rd2 39. f4 gxf4 40. Nxf4 c5 41. Kf1 c4 42. Ke1 Rh2 43. h4 Bb4+ 44. Kd1 c3 45. Nd3 c2+ 46. Kc1 Ba3+ 47. Nb2 Bc5 48. Nc4 Ke6 49. Rc8 Kd5 50. Nd2 Be3 51. Rd8+ Ke5 52. Kxc2 Rg2 53. Rd3 Bxd2 54. Rxd2 Rxg3 55. Rh2 Kf6 56. Kd2 Kg6 57. h5+ Kh6 58. Ke2 f4 59. Kf2 Rg4 60. Kf3 Rg5 61. Kxf4 Rxh5 62. Rxh5+ Kxh5 1/2-1/2

[Event "Titled Tuesday intern op 05th Jul Late"]
[Site "Chess.com INT"]
[Date "2022.07.05"]
[Round "10"]
[White "Freitag, Manfred"]
[Black "Dilmukhametov, Artur"]
[Result "1-0"]
[WhiteElo "2357"]
[BlackElo "2276"]
[PlyCount "73"]
[EventDate "2022.07.05"]
[EventType "swiss (blitz)"]
[EventRounds "11"]
[EventCountry "USA"]
[SourceTitle "CBM 209 Extra"]
[Source "ChessBase"]
[SourceDate "2022.09.30"]
[SourceVersion "1"]
[SourceVersionDate "2022.09.30"]
[SourceQuality "1"]

1. e4 e6 2. d4 d5 3. e5 c5 4. c3 Qb6 5. Nf3 Nc6 6. Bd3 cxd4 7. 0-0 Bd7 8. Nbd2 dxc3 9. bxc3 a6 10. Nb3 Nge7 11. Rb1 Qc7 12. Re1 Ng6 13. Qe2 Be7 14. Nbd4 0-0 15. h4 Rfc8 16. h5 Nf8 17. h6 g6 18. Qe3 Na5 19. Bd2 b5 20. Qf4 Nc4 21. Bxc4 dxc4 22. Ng5 Be8 23. Ne4 Nd7 24. Nf3 Rd8 25. Be3 Nc5 26. Bxc5 Bxc5 27. Nf6+ Kf8 28. Nxh7+ Ke7 29. Nf6 Bc6 30. Ng5 Rf8 31. Rbd1 Rad8 32. Nfh7 Rxd1 33. Rxd1 Ke8 34. Nf6+ Ke7 35. h7 Rh8 36. Ng8+ Kf8 37. Nxe6+ 1-0

[Event "Titled Tuesday intern op 05th Jul Late"]
[Site "Chess.com INT"]
[Date "2022.07.05"]
[Round "7"]
[White "Freitag, Manfred"]
[Black "Zakarian, David"]
[Result "1-0"]
[WhiteElo "2357"]
[BlackElo "2300"]
[PlyCount "103"]
[EventDate "2022.07.05"]
[EventType "swiss (blitz)"]
[EventRounds "11"]
[EventCountry "USA"]
[SourceTitle "CBM 209 Extra"]
[Source "ChessBase"]
[SourceDate "2022.09.30"]
[SourceVersion "1"]
[SourceVersionDate "2022.09.30"]
[SourceQuality "1"]

1. e4 Nc6 2. Nf3 d6 3. d4 Nf6 4. Nc3 Bg4 5. Be3 e6 6. h3 Bh5 7. d5 exd5 8. exd5 Bxf3 9. Qxf3 Ne5 10. Qe2 Be7 11. Qb5+ c6 12. Qxb7 Rb8 13. Qxa7 Rxb2 14. dxc6 0-0 15. c7 Qd7 16. Ba6 Nc6 17. c8Q Qxc8 18. Bxc8 Nxa7 19. Bf5 Nc6 20. 0-0 g6 21. Bd3 Nb4 22. Rfb1 Nxd3 23. cxd3 Rxb1+ 24. Rxb1 Ra8 25. a4 Bd8 26. Bb6 Bxb6 27. Rxb6 Rc8 28. Nb5 Rc1+ 29. Kh2 Ra1 30. Rxd6 Kg7 31. Rd4 Ra2 32. f3 g5 33. Nc3 Ra3 34. Ne4 h6 35. Nxf6 Kxf6 36. f4 Ke6 37. Kg3 f5 38. Kf3 Ra1 39. fxg5 hxg5 40. g4 f4 41. Rb4 Rf1+ 42. Kg2 Rd1 43. Rb6+ Kf7 44. Rd6 Ra1 45. Rd4 Kf6 46. h4 gxh4 47. Rxf4+ Kg5 48. Rd4 Ra2+ 49. Kh3 Ra3 50. Rd5+ Kg6 51. a5 Ra4 52. Kxh4 1-0

[Event "Titled Tuesday intern op 05th Jul Late"]
[Site "Chess.com INT"]
[Date "2022.07.05"]
[Round "8"]
[White "Horak, Martin"]
[Black "Freitag, Manfred"]
[Result "0-1"]
[WhiteElo "2238"]
[BlackElo "2357"]
[PlyCount "40"]
[EventDate "2022.07.05"]
[EventType "swiss (blitz)"]
[EventRounds "11"]
[EventCountry "USA"]
[SourceTitle "CBM 209 Extra"]
[Source "ChessBase"]
[SourceDate "2022.09.30"]
[SourceVersion "1"]
[SourceVersionDate "2022.09.30"]
[SourceQuality "1"]

1. Nf3 Nf6 2. c4 g6 3. Nc3 Bg7 4. d4 d6 5. g3 0-0 6. Bg2 Nbd7 7. 0-0 e5 8. e4 c6 9. Re1 exd4 10. Nxd4 Ng4 11. h3 Qf6 12. Nf3 Nge5 13. Nxe5 Nxe5 14. Qb3 Nd3 15. Re2 Be6 16. Nd5 cxd5 17. Qxd3 dxc4 18. Qxd6 Rfd8 19. Qb4 Rd1+ 20. Re1 a5 0-1

[Event "Titled Tuesday intern op 01st Mar Early"]
[Site "Chess.com INT"]
[Date "2022.03.01"]
[Round "2"]
[White "Freitag, Manfred"]
[Black "Makhnev, Denis"]
[Result "0-1"]
[WhiteElo "2357"]
[BlackElo "2505"]
[PlyCount "122"]
[EventDate "2022.03.01"]
[EventType "swiss (blitz)"]
[EventRounds "11"]
[EventCountry "USA"]
[SourceTitle "CBM 207 Extra"]
[Source "ChessBase"]
[SourceDate "2022.05.31"]
[SourceVersion "1"]
[SourceVersionDate "2022.05.31"]
[SourceQuality "1"]

1. e4 c6 2. d4 d5 3. e5 Bf5 4. h4 h5 5. Bd3 Bxd3 6. Qxd3 Qa5+ 7. Nd2 e6 8. Ngf3 Nh6 9. 0-0 Nf5 10. c4 Be7 11. g3 0-0 12. b3 Rd8 13. Bb2 Qa6 14. Qc2 Nd7 15. cxd5 cxd5 16. Rfc1 Nb6 17. a4 Rac8 18. Qd1 Qd3 19. a5 Nd7 20. Rxc8 Rxc8 21. Rc1 Rc6 22. Rxc6 bxc6 23. Qc1 c5 24. Qc3 Qb5 25. Ba3 cxd4 26. Qc8+ Bf8 27. a6 Nc5 28. Bxc5 Qxc5 29. Qb7 Be7 30. b4 Qxb4 31. Qxa7 Bc5 32. Qa8+ Kh7 33. Ng5+ Kg6 34. Ndf3 d3 35. Qe8 Nh6 36. Nxe6 d2 37. Nxd2 Bxf2+ 38. Kg2 Qxd2 39. Nf4+ Kh7 40. Qb5 Be3+ 41. Qe2 Qd4 42. Qd3+ Qxd3 43. Nxd3 Kg6 44. Kf3 Bb6 45. Nb4 Nf5 46. Nxd5 Ba7 47. Nb4 f6 48. Nc6 Nd4+ 49. Nxd4 Bxd4 50. exf6 gxf6 51. Ke4 Ba7 52. Kf4 Bb8+ 53. Kf3 Kf5 54. Kf2 Kg4 55. Kg2 Ba7 56. Kh2 Kf3 57. Kh3 f5 58. Kh2 Kf2 59. Kh3 Kg1 60. g4 fxg4+ 61. Kg3 Bb8# 0-1

[Event "Titled Tuesday intern op 22nd Feb Early"]
[Site "Chess.com INT"]
[Date "2022.02.22"]
[Round "9"]
[White "Arabidze, Meri"]
[Black "Freitag, Manfred"]
[Result "1/2-1/2"]
[WhiteElo "2432"]
[BlackElo "2357"]
[PlyCount "99"]
[EventDate "2022.02.22"]
[EventType "swiss (blitz)"]
[EventRounds "11"]
[EventCountry "USA"]
[SourceTitle "CBM 207 Extra"]
[Source "ChessBase"]
[SourceDate "2022.05.31"]
[SourceVersion "1"]
[SourceVersionDate "2022.05.31"]
[SourceQuality "1"]

1. Nf3 Nf6 2. g3 g6 3. Bg2 Bg7 4. 0-0 0-0 5. d4 d6 6. a4 a5 7. Re1 d5 8. Nc3 Bf5 9. Bf4 Nc6 10. Ne5 Ne4 11. Nxc6 bxc6 12. Nxe4 Bxe4 13. Bxe4 dxe4 14. c3 Ra7 15. Qc2 f5 16. e3 h6 17. h4 e6 18. Red1 Qe7 19. Qb3 Kf7 20. Be5 Ra6 21. Qc4 Rb6 22. b3 Rfb8 23. Rab1 Bf6 24. Rd2 Qd7 25. Bxf6 Kxf6 26. b4 Qd5 27. Qxd5 exd5 28. Rdb2 Ra8 29. Kf1 Ke6 30. Ke2 Kd6 31. Kd2 axb4 32. Rxb4 Rba6 33. Ra1 Ra5 34. Kc2 c5 35. dxc5+ Kxc5 36. Kb3 Kd6 37. c4 c6 38. cxd5 Rxd5 39. Rc1 Rd3+ 40. Rc3 c5 41. Rb6+ Kd5 42. Rxg6 Rxc3+ 43. Kxc3 Rxa4 44. Rf6 Ke5 45. Rxh6 Ra2 46. Rc6 Kd5 47. Rf6 Ke5 48. Rc6 Kd5 49. Rf6 Ke5 50. Rc6 1/2-1/2

[Event "Titled Tuesday intern op 22nd Feb Early"]
[Site "Chess.com INT"]
[Date "2022.02.22"]
[Round "3"]
[White "Papasimakopoulos, Alexandros"]
[Black "Freitag, Manfred"]
[Result "1-0"]
[WhiteElo "2259"]
[BlackElo "2357"]
[PlyCount "129"]
[EventDate "2022.02.22"]
[EventType "swiss (blitz)"]
[EventRounds "11"]
[EventCountry "USA"]
[SourceTitle "CBM 207 Extra"]
[Source "ChessBase"]
[SourceDate "2022.05.31"]
[SourceVersion "1"]
[SourceVersionDate "2022.05.31"]
[SourceQuality "1"]

1. d4 Nf6 2. c4 g6 3. Nc3 Bg7 4. e4 0-0 5. f3 d6 6. Nge2 a6 7. Be3 Nbd7 8. Qd2 b5 9. Nc1 b4 10. Nd5 c5 11. Nb3 cxd4 12. Nxd4 Bb7 13. Qxb4 Rb8 14. Qd2 a5 15. Be2 a4 16. 0-0 Nc5 17. Rab1 Nxd5 18. cxd5 Ba8 19. Rfc1 Qd7 20. Qa5 Rfc8 21. Bb5 Qc7 22. Qxc7 Rxc7 23. Bc6 Bxd4 24. Bxd4 Bxc6 25. Bxc5 Bb5 26. Bd4 Rbc8 27. Rc3 f6 28. Kf2 Rc4 29. Rbc1 Rxc3 30. Bxc3 Kf7 31. Ke3 f5 32. b3 axb3 33. axb3 e6 34. dxe6+ Kxe6 35. exf5+ gxf5 36. Kd4 Rc5 37. Re1+ Kd7 38. Rc1 Bc6 39. Bd2 Rxc1 40. Bxc1 Bb5 41. g4 Ke6 42. Ke3 fxg4 43. fxg4 Kd5 44. h4 Bd7 45. Kf4 Be6 46. Be3 Kc6 47. b4 Kb5 48. Bd2 Bd7 49. h5 Be8 50. Kg5 Bd7 51. Kh4 Kc4 52. g5 Bf5 53. g6 hxg6 54. h6 g5+ 55. Kxg5 Be4 56. Kf6 d5 57. Kg7 d4 58. h7 Bxh7 59. Kxh7 Kd3 60. Be1 Kc4 61. Kg6 d3 62. Kf5 Kd4 63. Kf4 Kc4 64. Ke4 Kb5 65. Kxd3 1-0